[Event "Mecklenburg VP LL2 West 1213"]
[Site "Mecklenburg VP"]
[Date "2012.11.25"]
[Round "3.6"]
[White "Ulbricht, Annemarie"]
[Black "Schmidt, Wolfgang"]
[Result "1/2-1/2"]
[WhiteElo "1563"]
[BlackElo "1674"]
[PlyCount "65"]
[EventDate "2012.10.14"]
[EventType "team-tourn"]
[EventRounds "9"]
[EventCountry "GER"]
[SourceTitle "EXT 2022"]
[Source "ChessBase"]
[SourceDate "2021.10.06"]
[SourceVersion "1"]
[SourceVersionDate "2021.10.06"]
[SourceQuality "1"]
[WhiteTeam "Wismar ASV Gruen-Weiss II"]
[BlackTeam "Schwerin SF IV"]
[WhiteTeamCountry "GER"]
[BlackTeamCountry "GER"]

1. e4 c5 2. Nf3 Nc6 3. d4 cxd4 4. Nxd4 Qc7 5. Nc3 g6 6. Ndb5 Qb8 7. Nd5 Kd8 8. Ndc7 a6 9. Nxa8 Qxa8 10. Nc3 Bg7 11. Be3 Bxc3+ 12. bxc3 d6 13. Bd4 e5 14. Bb6+ Ke7 15. Bc4 Nf6 16. f3 Be6 17. Bb3 Nd7 18. Bf2 Qc8 19. Qd2 Nc5 20. 0-0 f6 21. Rfd1 Qd7 22. Rab1 Nxb3 23. cxb3 g5 24. Qe3 h5 25. Rd2 Qc7 26. Qb6 Qc8 27. Rc1 Rd8 28. Rd3 h4 29. Qe3 Qc7 30. Qb6 Qc8 31. Qe3 Qc7 32. Kh1 Rd7 33. Qb6 1/2-1/2

[Event "Mecklenburg VP LL2 West 1213"]
[Site "Mecklenburg VP"]
[Date "2012.11.11"]
[Round "2.7"]
[White "Ulbricht, Annemarie"]
[Black "Paetzke, Bernd"]
[Result "0-1"]
[WhiteElo "1563"]
[BlackElo "1460"]
[PlyCount "100"]
[EventDate "2012.10.14"]
[EventType "team-tourn"]
[EventRounds "9"]
[EventCountry "GER"]
[SourceTitle "EXT 2022"]
[Source "ChessBase"]
[SourceDate "2021.10.06"]
[SourceVersion "1"]
[SourceVersionDate "2021.10.06"]
[SourceQuality "1"]
[WhiteTeam "Wismar ASV Gruen-Weiss II"]
[BlackTeam "Putlitzer SV 1921"]
[WhiteTeamCountry "GER"]
[BlackTeamCountry "GER"]

1. e4 c5 2. Nf3 Nc6 3. d4 cxd4 4. Nxd4 e6 5. Be3 Nf6 6. Nxc6 bxc6 7. Bd3 d5 8. exd5 cxd5 9. Bd4 Be7 10. 0-0 0-0 11. Nd2 Qc7 12. Nf3 Ng4 13. Re1 Bd6 14. g3 e5 15. Bc3 e4 16. Bxe4 dxe4 17. Rxe4 Bf5 18. Rxg4 Bxg4 19. Qd4 f5 20. Ng5 Rae8 21. Qd5+ Kh8 22. Ne6 Rxe6 23. Qxe6 Bh3 24. Qd5 Bc5 25. b4 Bb6 26. Qe5 Qb7 27. Qxg7+ Qxg7 28. Bxg7+ Kxg7 29. a4 f4 30. c4 fxg3 31. hxg3 Bxf2+ 32. Kh2 Bg4 33. Kg2 Bd4 34. Ra2 Be6 35. Rc2 Bf5 36. Ra2 Be4+ 37. Kh3 Rf2 38. Rxf2 Bxf2 39. Kg4 Be1 40. b5 Bb4 41. a5 Bxa5 42. c5 Bd8 43. Kf4 Bh1 44. Kf5 Kf7 45. g4 h6 46. Ke5 Bf3 47. Kf4 Be2 48. b6 axb6 49. cxb6 Bxb6 50. g5 h5 0-1